000 00247nam a22000977a 4500
999 _c11569
_d11569
008 190705b ||||| |||| 00| 0 eng d
020 _a9789388945196
100 _aTyagaraj Jemima
_97278
245 _aLook to the Rainbow
260 _bNoida
_cISPCK
_d2019